• 首页
  • 本馆介绍
  • 公告通知
  • 最新文献
  • 馆藏检索
  • 电子资源
  • 读者导购
  • 参考咨询
  • 我的图书馆
  • 登录
  • 详细信息显示
  • 放入我的书架
  • 预约/预借图书
  • 作者相关作品
  • 分类相关作品
  • 丛书相关作品
  • 出版社相关作品

书目信息

  • 表格格式
  • 工作单格式
  • 卡片格式
题名:
手把手教你写一段话
    
 
作者: 汤素兰 主编
分册:  
出版信息: 长沙   湖南教育出版社  2013
页数: 120页
开本: 21cm
丛书名:
单 册:
中图分类: G624.243
科图分类:
主题词: 作文课--小学--教学参考资料
电子资源:
ISBN: 978-7-5539-0473-3
000 00866nam0 2200229 450
001 2360953640
005 20231212165618.48
010    @a978-7-5539-0473-3@d19.80CNY
100    @a20211231d2013 c y0chiy50 ea
101 0  @achi
102    @aCN@b430000
105    @aa z 000yy
200 1  @a手把手教你写一段话@Ashou ba shou jiao ni xie yi duan hua@f主编汤素兰
210    @a长沙@c湖南教育出版社@d2013
215    @a120页@c彩图@d21cm
300    @a彩图 注音版
330    @a本书是一句话作文和一段话作文的过渡, 是为写作刚入门的并开始准备写一段话的孩子量身定做的, 有精到的方法指导, 又有优秀的范文展示。内设“口诀来引路”、“手把手解读”、“作文诊断室”等栏目, 多角度、全方位提升小学生的写作水平。
606 0  @a作文课@x小学@j教学参考资料
690    @aG624.243@v5
701  0 @a汤素兰@Atang su lan@4主编
801  0 @aCN@b湖北三新@c20211231
905    @aBZT@dG624.243@e11
    
    手把手教你写一段话/主编汤素兰.-长沙:湖南教育出版社,2013
    120页:彩图;21cm
    彩图 注音版
    
    ISBN 978-7-5539-0473-3:19.80CNY
    本书是一句话作文和一段话作文的过渡, 是为写作刚入门的并开始准备写一段话的孩子量身定做的, 有精到的方法指导, 又有优秀的范文展示。内设“口诀来引路”、“手把手解读”、“作文诊断室”等栏目, 多角度、全方位提升小学生的写作水平。
●
相关链接 在五车中查询图书 在当当中查询图书 在豆瓣中查询图书


正题名:手把手教你写一段话     索取号:G624.243/11         预约/预借

序号 登录号 条形码 馆藏地/架位号 状态 备注
1 2001596832   2001596832   辽三/辽宁北配(第三批)/2108/ [索取号:G624.243/11] 在馆    
2 2001596833   2001596833   辽三/辽宁北配(第三批)/2108/ [索取号:G624.243/11] 在馆    
3 2001596834   2001596834   辽三/辽宁北配(第三批)/2108/ [索取号:G624.243/11] 在馆    
4 2001596835   2001596835   辽三/辽宁北配(第三批)/2108/ [索取号:G624.243/11] 在馆    
5 2001596836   2001596836   辽三/辽宁北配(第三批)/2108/ [索取号:G624.243/11] 在馆    
6 2001596837   2001596837   辽三/辽宁北配(第三批)/2108/ [索取号:G624.243/11] 在馆    
7 2001596838   2001596838   辽三/辽宁北配(第三批)/2108/ [索取号:G624.243/11] 在馆    
8 2001596839   2001596839   辽三/辽宁北配(第三批)/2108/ [索取号:G624.243/11] 在馆    
9 2001596840   2001596840   辽三/辽宁北配(第三批)/2108/ [索取号:G624.243/11] 在馆    
10 2001596841   2001596841   辽三/辽宁北配(第三批)/2108/ [索取号:G624.243/11] 在馆    
11 2001596842   2001596842   辽三/辽宁北配(第三批)/2108/ [索取号:G624.243/11] 在馆    
12 2001596843   2001596843   辽三/辽宁北配(第三批)/2108/ [索取号:G624.243/11] 在馆    
13 2001596844   2001596844   辽三/辽宁北配(第三批)/2108/ [索取号:G624.243/11] 在馆    
14 2001596845   2001596845   辽三/辽宁北配(第三批)/2108/ [索取号:G624.243/11] 在馆    
15 2001596846   2001596846   辽三/辽宁北配(第三批)/2108/ [索取号:G624.243/11] 在馆    
16 2001596847   2001596847   辽三/辽宁北配(第三批)/2108/ [索取号:G624.243/11] 在馆    
17 2001596848   2001596848   辽三/辽宁北配(第三批)/2108/ [索取号:G624.243/11] 在馆    
18 2001596849   2001596849   辽三/辽宁北配(第三批)/2108/ [索取号:G624.243/11] 在馆    
19 2001596850   2001596850   辽三/辽宁北配(第三批)/2108/ [索取号:G624.243/11] 在馆    
20 2001596851   2001596851   辽三/辽宁北配(第三批)/2108/ [索取号:G624.243/11] 在馆    
21 2001596852   2001596852   辽三/辽宁北配(第三批)/2108/ [索取号:G624.243/11] 在馆    
22 2001596853   2001596853   辽三/辽宁北配(第三批)/2108/ [索取号:G624.243/11] 在馆    
23 2001596854   2001596854   辽三/辽宁北配(第三批)/2108/ [索取号:G624.243/11] 在馆    
24 2001596855   2001596855   辽三/辽宁北配(第三批)/2108/ [索取号:G624.243/11] 在馆    
25 2001596856   2001596856   辽三/辽宁北配(第三批)/2108/ [索取号:G624.243/11] 在馆    
26 2001596857   2001596857   辽三/辽宁北配(第三批)/2108/ [索取号:G624.243/11] 在馆    
27 2001596858   2001596858   辽三/辽宁北配(第三批)/2108/ [索取号:G624.243/11] 在馆    
28 2001596859   2001596859   辽三/辽宁北配(第三批)/2108/ [索取号:G624.243/11] 在馆    
29 2001596860   2001596860   辽三/辽宁北配(第三批)/2108/ [索取号:G624.243/11] 在馆    
30 2001596861   2001596861   辽三/辽宁北配(第三批)/2108/ [索取号:G624.243/11] 在馆    
山东省滨州职业学院图书馆 欢迎您!
大连网信软件有限公司© 版权所有